Tìm hiểu truyện Kiều

Bewaard in:
Bibliografische gegevens
Hoofdauteur: Lê, Quế
Formaat: Boek
Taal:Undetermined
Gepubliceerd in: Nghệ An Nhà xuất bản Nghệ An 2004
Onderwerpen:
Tags: Voeg label toe
Geen labels, Wees de eerste die dit record labelt!
Thư viện lưu trữ: Trung tâm Học liệu Trường Đại học Cần Thơ
LEADER 00560nam a2200205Ia 4500
001 CTU_97286
008 210402s9999 xx 000 0 und d
020 |c 50000 
082 |a 895.922109 
082 |b Qu250 
100 |a Lê, Quế 
245 0 |a Tìm hiểu truyện Kiều 
245 0 |c Lê Quế 
260 |a Nghệ An 
260 |b Nhà xuất bản Nghệ An 
260 |c 2004 
650 |a Kieu story 
650 |x History and criticism 
904 |i Minh(Tuyến) 
980 |a Trung tâm Học liệu Trường Đại học Cần Thơ